Statistics for The Bible: A Question for Every Book

Click here to take the quiz!

General Stats

  • This quiz has been taken 34 times
  • The average score is 36 of 66

Answer Stats

BookQuestionAnswer% Correct
DeuteronomyHow many years had the Israelites wandered the wilderness?40
100%
JudgesWhich long-haired strongman is betrayed by Delilah?Samson
96%
ExodusWho does an angel of the Lord speak to through a burning bush?Moses
96%
GenesisWhich body part of Adam did God use to create Eve?Rib
93%
JoshuaAfter marching around for several days, the walls of which city were destroyed?Jericho
89%
RuthWhich king is revealed to be Ruth's great-grandson?David
89%
JonahWhat type of creature swallows Jonah when he disobeys God?Fish
86%
LeviticusWhat was the inner part of the Tabernacle called, where the high priest could only enter once a year?{Holy} of Holies
82%
ProverbsWhich king is often credited for the authorship of this book?Solomon
82%
PsalmsPsalm 23 is also known by which name?The Lord is my {Shepherd}
79%
2 TimothyIn chapter 4, Paul describes himself as having "fought the ____ fight"?Good
79%
MicahWhich town does Micah claim the messiah will emerge from?Bethlehem
79%
JoelJoel calls the nation to lament after a plague of which insect?Locusts
79%
LukeWhich angel, named in Luke, visits Mary to tell her she will give birth to Jesus?Gabriel
75%
HaggaiWhat building does Haggai urge the people to rebuild?Temple in Jerusalem
75%
RevelationWhich Greek letters are used to describe God?Alpha and {Omega}
75%
2 SamuelWhilst on the palace roof, who did the second king of Israel see bathing?Bathsheba
75%
MatthewWhat type of natural disaster is reported at Jesus' resurrection?Earthquake
71%
1 ThessaloniansHow is the timing of the second coming described in chapter 5?Like a {thief} in the night
71%
RomansWhat name is given to non-Jews, who Paul is also keen to show the Gospel?Gentile
68%
ActsPaul converts to Christianity whilst travelling to which city?Damascus
68%
2 CorinthiansIn what modern-day country is the city of Corinth?Greece
68%
ZechariahWhich New Testament book is linked to Zechariah through imagery (including the four horsemen)?Revelation
68%
LamentationsWhich city is Jeremiah lamenting the destruction of?Jerusalem
68%
HoseaHosea's marriage to an unfaithful woman is likened to God's relationship with which nation?Israel
68%
JobGod blesses Job with 14,000 of which animal?Sheep
64%
EcclesiastesEcclesiastes 3 opens with which famous line? (KJV)To every thing there is a {season}
64%
1 KingsWhich prophet does Jezebel threaten to kill in chapter 19?Elijah
64%
2 KingsWhich prophet was a disciple to and successor of the above?Elisha
61%
HabakkukMost of this book consists of a dialogue between Habakkuk and whom?God
61%
1 SamuelWho does Samuel anoint as the first king of Israel?Saul
61%
JudeWhich cities, destroyed in Genesis, are named in a stern warning from Jude? (name either)Sodom | Gomorrah
61%
ColossiansPaul is writing to a city in which modern-day country?Turkey
57%
MarkWhich parable, partly completed in the answer box, only appears in Mark?Parable of the Growing {Seed}
57%
EphesiansWhat is the reader urged to 'put on' in preparation for spiritual warfare?The {Armour} of God
57%
1 ChroniclesHow many chapters of this book are genealogies? (Hint: almost 1/3)9
54%
DanielWhich king orders three men to be thrown into a fiery furnace?Nebuchadnezzar II
54%
JohnHow does Jesus describe himself in John 6?{Bread} of Life
54%
1 CorinthiansWhat kind of 'gifts' are talked about in great detail?Gifts of the {Spirit}
50%
EzekielWhich city does Ezekiel describe living in exile in?Babylon
50%
NumbersWhich tribe were not required to fight, instead serving religious duties?Levi
50%
HebrewsWhat type of divine being does the author clarify Jesus is superior to?Angels
50%
GalatiansWhat is the only thing Paul wishes to boast in?Cross of Jesus
46%
TitusOn what Greek island does Titus live?Crete
46%
NehemiahWhich part of Jerusalem is Nehemiah concerned with rebuilding?Walls
43%
EstherWhat nation does Esther become queen of?Persia
39%
EzraIn the Hebrew Bible, Ezra provides rare examples of which language?Aramaic
39%
NahumWhich city, capital of Assyria, does Nahum describe the fall of?Nineveh
32%
PhilippiansFor Paul, "to live is Christ", and to die is what?Gain
32%
JeremiahWhat kingdom does Jeremiah detail the destruction of?Judah
32%
IsaiahWhat type of angel is being described in Isaiah 6?Seraphim
32%
Song of SolomonAmongst other unusual imagery, the woman's eyes are described as which kind of bird?Doves
32%
AmosAmos prophesies God's judgement of which city in modern-day Lebanon (one of the oldest cities in the world)?Tyre
29%
1 JohnWhat virtue does John emphasise the value of, since "____ comes from God"?Love
29%
ZephaniahWhat event does Zephaniah write about?The {Day} of the Lord
29%
JamesWhen facing trials, how does James urge the reader to think of these?Pure {joy}
25%
2 ThessaloniansAlongside Paul and Timothy, who else is credited for sending this letter?Silas
25%
1 PeterJesus and his followers are described as "living _____"?Stones
25%
MalachiWhat does the name Malachi mean? (Hint: This book tells of a coming messiah)My {Messenger}
21%
2 Peter2 Peter is often compared to which other letter, with chapter 2 being notably similar?Jude
18%
2 ChroniclesHow was Zechariah killed after he criticised King Jehoash?Stoning
18%
2 JohnThe author warns against what kind of false teaching? (verse 7, KJV)That Jesus was not "in the {flesh}"
18%
ObadiahWhich mountainous nation does Obadiah prophesy the fall of?Edom
18%
1 TimothyIn which city is Timothy when Paul writes this letter?Ephesus
11%
PhilemonHow does Paul describe himself in verse 1?a {prisoner} for Christ Jesus
11%
3 JohnBy what title does the author refer to themselves as?The {Elder}
7%

Score Distribution

Percentile by Number Answered

Percent of People with Each Score

Your Score History

You have not taken this quiz